000 00823naa a2200217 i 4500
001 13481
003 ES-MaBCM
005 20241016091748.0
008 910314s1990 fra 000 0 fre d
021 _axx
035 _a(OCoLC)1365161506
040 _cES-MaBCM
041 0 _afre
043 _afra
245 0 3 _aLa codification de l'impossible
_b: du code rural au code de l'environnement (faune, flore, chasse et pêche)
520 _aDos artículos: J. Malafosse "La protección de la fauna, la flora y la caza" y A. Guchan "Pesca de agua dulce y protección de los recursos piscícolas"
650 2 7 _aProtección del medio ambiente
_959954
651 4 _aFrancia
_9115364
773 0 _aEn:
_tRevue française de droit administratif
_dParis : 1990
_w104676
_gnº 6, noviembre-diciembre ; p. 987-1052
942 _cAREV
999 _c13481
_d13481